Normal view MARC view
  • World International

Entry Personal Name

Number of records used in: 1

001 - CONTROL NUMBER

  • control field: 6690

003 - CONTROL NUMBER IDENTIFIER

  • control field: OSt

005 - DATE AND TIME OF LATEST TRANSACTION

  • control field: 20180306122543.0

008 - FIXED-LENGTH DATA ELEMENTS

  • fixed length control field: 180306|| aca||aabn | a|a d

040 ## - CATALOGING SOURCE

  • Original cataloging agency: OSt
  • Transcribing agency: OSt

100 ## - HEADING--PERSONAL NAME

  • Personal name: World International

670 ## - SOURCE DATA FOUND

  • Source citation: Work cat.: (OSt): World International, Flags of the World Sticker Atlas

Powered by Koha